Syllabus der Pflanzenfamilien: mit besonderer Berücksichtigung der Nutzpflanzen nebst einer Übersicht über die Florenreiche und Florengebiete der Erde
محفوظ في:
| المؤلف الرئيسي: | |
|---|---|
| التنسيق: | كتاب |
| اللغة: | الألمانية |
| منشور في: |
Berlín
Gebrüder Borntraeger
1954
|
| الموضوعات: | |
| الوسوم: |
إضافة وسم
لا توجد وسوم, كن أول من يضع وسما على هذه التسجيلة!
|
MARC
| LEADER | 00000nam a2200000 a 4500 | ||
|---|---|---|---|
| 001 | UCT3790 | ||
| 003 | CL-VaPUC | ||
| 005 | 20230104151210.0 | ||
| 008 | 961031e19540000GW |||||||||||||||||ger|d | ||
| 999 | |c 253322 |d 253320 | ||
| 040 | |c Pontificia Universidad Católica de Valparaíso | ||
| 082 | 0 | 4 | |a 581 ENG 1954 |2 21 |
| 100 | 0 | |a Engler, A |9 372795 | |
| 245 | 1 | 0 | |a Syllabus der Pflanzenfamilien: mit besonderer Berücksichtigung der Nutzpflanzen nebst einer Übersicht über die Florenreiche und Florengebiete der Erde |
| 260 | |a Berlín |b Gebrüder Borntraeger |c 1954 | ||
| 300 | |a v | ||
| 505 | |a v.1: Allgemeiner Teil. Bakterien bis Gymnospermen. v.2: Angiospermeu Ubersicht über die Florengebiete der Erde. | ||
| 583 | |a last modification |c 20171031 10:59:55 |k Rodrigo Vera | ||
| 650 | 0 | |a Plantas |9 264555 | |
| 650 | 0 | |a Botánica |9 264202 | |
| 650 | 0 | |a Taxonomía de las plantas |9 360224 | |
| 650 | 7 | |a NOMENCLATURAS |2 CL-VaPUC |9 333767 | |
| 942 | |c BK |2 ddc | ||
| 945 | |d 19961031 00:00:00 |a cmena | ||